000 00404nam a2200145Ia 4500
001 23365
003 GE_BSU
008 181216s||||||||xx |||||||||||||| ||und||
040 _cGE_BSU
245 _aგადასახადები #15. 2018
653 _acd
653 _aგადასახადები #15. 2018
653 _aელექტრონული ჟურნალი
942 _cCF
999 _c56263
_d56263